00942nam a2200265Ia 450000500170000000800410001702000150005808200160007310000200008924500870010925000190019630000430021549000440025850400270030253400270032960000420035665000560039865000290045470000350048326400350051833600270055333700330058033800280061304000350064120220317000655.0160601s1999 sp a g 000 0 spa  a843231018204a925.3bO66s1 aStrathern, Paul10aOppenheimer y la bomba atómica cPaul Strathern ; traducción Antón Corriente a1a. edición  a101 páginas bilustraciones c18 cm  aLos científicos y sus descubrimientos aIncluye bibliografía tOppenheimer & the bomb14aOppenheimer, Julius Robertd1904-1967142LEMBaCientíficos estadounidenses vBiografías 142LEMBaBombas atómicas 1 aCorriente, Antónetraductor  aMadrid bSiglo Veintiunoc1999 atextobtxt2rdacontent asin mediaciónbn2rdamedia avolumenbnc2rdacarrier aCO-BoRNBPbspaerdacCO-BoRNBP